Vista normal Vista MARC

Entrada Topical Term

Número de registros utilizados en: 4

001 - CONTROL NUMBER

  • control field: 8381

003 - CONTROL NUMBER IDENTIFIER

  • control field: OSt

005 - DATE AND TIME OF LATEST TRANSACTION

  • control field: 20200804163928.0

008 - FIXED-LENGTH DATA ELEMENTS

  • fixed length control field: 200804|| aca||aabn | a|a d

040 ## - CATALOGING SOURCE

  • Original cataloging agency: OSt
  • Transcribing agency: OSt

150 ## - HEADING--TOPICAL TERM

  • Topical term or geographic name entry element: Criminología

670 ## - SOURCE DATA FOUND

  • Source citation: Work cat.: (OSt)4750: Martinez Sanchez, Wilson Alejandro, editor 8379, Síntesis y reflexiones sobre el sistema antilavado de activos y contra la financiación del terrorismo en Colombia /, 2014.